Κύπρια έπη : μετά σημειώσεων και σχολίων

Saved in:
Bibliographic Details
Main Author: Φαρμακίδης, Ξενοφών Π., 1875-1943
Format: Book
Language:Greek
Published: Εν Λευκωσία : [χ.ό.], 1926
Series:Εκδόσεις Μορφωτικής Υπηρεσίας Υπουργείου Παιδείας ; ; 4
Subjects:
Tags: Add Tag
No Tags, Be the first to tag this record!

MARC

LEADER 00000cam a2200000 i 4500
001 1/87036
008 970404r19741926gr | ||| |||| ||gre||
035 |a 1993  |b 1  |c Δωρεά  |l 10035134 
040 |a GR-MY-UA  |b gre  |e aacr 
041 0 |a gre 
082 0 |a 889.14 
100 1 |a Φαρμακίδης, Ξενοφών Π.,   |d 1875-1943. 
245 1 0 |a Κύπρια έπη :  |b μετά σημειώσεων και σχολίων /  |c Ξενοφώντος Π. Φαρμακίδου 
260 |a Εν Λευκωσία :   |b [χ.ό.],   |c 1926 
300 |a 168 σ. 
490 1 |a Εκδόσεις Μορφωτικής Υπηρεσίας Υπουργείου Παιδείας  |v ; 4 
500 |a Το βιβλίο ανατυπώθηκε από το Τυπογραφείο της Κυπριακής Δημοκρατίας το 1974 
650 0 0 |a Cyprian poetry. 
830 0 |a Εκδόσεις Μορφωτικής Υπηρεσίας Υπουργείου Παιδείας ;  |v ; 4 
852 |a INST  |b RHODES  |e 19970404  |h 889.14 ΦΑΡ  |p 005400010271  |q 005400010271  |t BK  |y 0 
909 |a Ρ  |b 024560  |c 1993